000 00629nam a2200193Ia 4500
003 GCL
008 140319s9999 xx 000 0 ara d
040 _aGCL /
_cGCL
082 0 4 _a254.1
_bخ ا
100 1 _aخالد عبدالرحمن العك
245 1 0 _aاداب الحياة الزوجية :
_bفى ضوء القران والسنة /
_cخالد عبدالرحمن العك
250 _aالرابعة
260 _aبيروت :
_bدار المعرفة ،
_c1998
300 _a496 ص ؛
_c24 سم
650 0 4 _aالزواج
650 0 4 _aالخطبة
650 0 4 _aالاسرة فى الاسلام
942 _2ddc
_cBK
999 _c5241
_d5241